000 00877nam a2200241Ia 4500
003 OSt
005 20220923220940.0
006 a|||||r|||| 00| 0
007 ta
008 220922b |||||||| |||| 00| 0 hin d
024 _a192,561
037 _cTextual
040 _aARTS
_cARTS
_bhin
041 _2hin
_ahin
082 _aU8.41.N77, 152M9
100 _aमंगलदास, लीना; मेहता, भानुशंकर, अनु.
_9164868
245 0 _aयात्रा और यात्रा
246 _aYātrā aur yātrā
260 _aवाराणसी
_b विश्वविद्यालय प्रकाशन
_c1989
300 _a124पृ.
_ccm.
942 _hU8.41.N77, 152M9
_cTEXL
_2CC
999 _c345162
_d345162